Réal Madrid: 11 de départ finale de LDC 2014 - Statistiques

Statistiques générales
  • Ce quiz a été pris 166 fois
  • Le résultat moyen est 9 sur 11
Statistiques - réponses
Poste Joueur % Correct
Avant centre Benzema
99%
Milieu Modric
98%
Gardien Casillas
97%
Défenseur C Ramos
97%
Ailier G Ronaldo
97%
Ailier D Bale
95%
Latéral D Carvajal
87%
Défenseur C Varane
84%
Milieu Di Maria
58%
Milieu Khedira
54%
Latéral G Coentrao
50%
Aucun quiz correspondant
Distribution des résultats
% des personnes avec chaque résultat
Percentile par nombre de réponses
Votre historique - résultats
Vous n’avez pas pris ce quiz